Normal view MARC view
  • Humera Arshad

Entry Personal Name

Number of records used in: 1

001 - CONTROL NUMBER

  • control field: 100209

003 - CONTROL NUMBER IDENTIFIER

  • control field: NUST

005 - DATE AND TIME OF LATEST TRANSACTION

  • control field: 20221013150854.0

008 - FIXED-LENGTH DATA ELEMENTS

  • fixed length control field: 221013|| aca||aabn | a|a d

040 ## - CATALOGING SOURCE

  • Original cataloging agency: NUST
  • Transcribing agency: NUST

100 ## - HEADING--PERSONAL NAME

  • Personal name: Humera Arshad

670 ## - SOURCE DATA FOUND

  • Source citation: Work cat.: (NUST)10508: Humera Arshad, Analysis of program machine code and applications to data security [Project MSIT-8], 2011.
© 2023 Central Library, National University of Sciences and Technology. All Rights Reserved.